000 00562nam a22001817a 4500
005 20250120091508.0
008 250120b |||||||| |||| 00| 0 eng d
020 _a9788120336360
050 _aHF5550 BHA
100 _aBhattachary Hrishikes
245 _aWorking Capital Management:
_bStrategies and Techniques/
_cHrishikes Bhattacharya
250 _a2nd Ed.
260 _aNew Delhi
_bPHI Learning Private Limited
_c2009
300 _axix. 508p.
_bill.
_c24 cm x 16 cm
500 _aIncludes Index
650 _2Capital Management
942 _2lcc
_cBK
_e2nd Ed.
_n0
999 _c2697
_d2697